| 000 | 01053nam a2200265Ia 4500 | ||
|---|---|---|---|
| 003 | OSt | ||
| 005 | 20220923211303.0 | ||
| 006 | a|||||r|||| 00| 0 | ||
| 007 | ta | ||
| 008 | 220922b |||||||| |||| 00| 0 hin d | ||
| 020 |
_a9788179171592 (hbk) _c1830 |
||
| 024 | _a283,447 | ||
| 037 |
_b27, 02/02/2015, P. K. Books _cTextual |
||
| 040 |
_aARTS _cARTS _bhin |
||
| 041 |
_2hin _ahin |
||
| 082 | _aT0aY:1, 152Q4 | ||
| 100 |
_aहेनरी गीरू; गुप्ता, रामकिशन, अनु. _9160175 |
||
| 245 | 0 | _aसंस्कृतिकर्मी और शिक्षा की राजनीति | |
| 246 | _aSanskṛutikarmī aur shikṣhā kī rājanīti | ||
| 260 |
_aनई दिल्ली _b ग्रंथ शिल्पी _c2014 |
||
| 300 |
_a359पृ. _ccm. |
||
| 650 |
_aशिक्षण _9156320 |
||
| 942 |
_hT0aY:1, 152Q4 _cTEXL _2CC |
||
| 999 |
_c298149 _d298149 |
||